Mountains Quiz - Statistics

General Stats
  • This quiz has been taken 13 times
  • The average score is 23 of 40
Answer Stats
Hint Elevation Mountain % Correct
1) Worlds highest peak 29,032' Everest
100%
7) 2nd highest peak on Earth, withinthe treacherous Karakoram range 28,251' K2
100%
3) Africas highest mountain 19,341' Kilimanjaro
100%
2) Highest peak in NorthAmerica, formerly Mt McKinley 20,310' Denali
92%
24) Famous Swiss peak, advertised on theToblerone candy package 14,692' Matterhorn
92%
4) This peak in the Argentine Andes is the highest in the Americas 22,837' Aconcagua
85%
18) Located in the Scottish Highlands, this peakis the highest in the UK 4,413' Ben Nevis
85%
11) This Russian peak is the highest in Europe 18,510' Elbrus
85%
13) Sicilian peak, one of the worlds most activevolcanoes 11,165' Etna
85%
9) Iconic peak in Japan seen from Tokyo 12,388' Fuji
85%
21) 2nd highest peak in Africa, named for thecountry its in 17,057 Kenya
85%
28) This dormant volcano is the worlds highestpoint from base to summit 13,796 Mauna Kea
77%
37) Home to the Gods of ancient Greece 9,573' Olympus
77%
27) Iconic mountain that can be seen from Seattle 14,410' Rainier
77%
17) This Washington volcano famously eruptedin May 1980 8,366' St Helens
77%
8) Buried the city of Pompeii in ashin 79 AD 4,203' Vesuvius
77%
6) The highest point in the Alps 15,766' Blanc
69%
15) This Ecuadorian peak is the furthest pointfrom Earths center 20,701' Chimborazo
69%
34) Also called Aoraki, it is New Zealands' highest point 12,218' Cook
69%
16) This Hawaiian shield volcano is the worldslargest active volcano by mass and volume 13,678' Mauna Loa
69%
10) Highest peak in Canada 19,551' Logan
62%
25) Highest point in Antarctica 15,060' Vinson
62%
12) Highest point in New England, where theworlds fastest wind was recorded 6,288' Washington
62%
5) Highest point in the continental US 14,505' Whitney
62%
39) Nepalese peak noted as one of the worlds most difficultand dangerous climbs, the worlds 10th highest 26,545' Annapurna
54%
29) Famous Colorado mountain and ski town ofthe same name 11,212' Aspen
54%
14) Worlds 3rd highest peak located in theNepal-Indian Himalayas 28,169' Kangchenjunga
54%
22) This Tibetan peak is the worlds 4th highest 27,940' Lhotse
38%
35) Famous mountain in British Columbia, site of the2010 Winter Olympics 7,156' Whistler
38%
30) Oregons highest peak and an active stratovolcano 11,249' Hood
31%
23) This dormant stratovolcano is the highestpoint in Mexico 18,491' Pico De Orizaba
31%
36) Called the "Top of Europe", this Swiss peak rises above the iconic village of Grindelwald and Murren 13,642' Jungfrau
23%
26) Highest peak in the Solar System, almost3x the size of Everest >72,000' Olympus Mons
23%
31) 2nd highest peak in the Cascade range, locatedin Northern California near the town of the same name 14,179' Shasta
23%
33) Highest point on mainland Australia 7,310' Kosciuszko
15%
20) Highest peak in Peru 22,205' Huascaran
8%
32) This mountain near Flagstaff is the highest inthe state of Arizona 12,637' Humphreys Peak
8%
19) This Andean peak on the Chile-Argentinaborder is the highest volcano on earth 22,615' Ojos Del Salado
8%
38) Highest peak in the Pyrenees on the Spain-France border 11,168' Pico De Aneto
0%
40) This stratovolcano in Guatemala is the highest peak inCentral America 13,845' Volcan Tajumulco
0%
No matching quizzes found
Score Distribution
Percent of People with Each Score
Percentile by Number Answered
Your Score History
You have not taken this quiz